000
00307nam a22001457a 4500
003
SGT
020
_a
9789332574519
082
_a
370,BES
100
_a
BEST JOHAN W .
245
_a
RESEARCH IN EDUCATION
260
_a
NEW DELHI
_b
PEARSON
_c
2012
300
_a
488
650
_a
EDUCATION
942
_2
ddc
_c
BK
999
_c
26822
_d
26822